| 000 | 00608nam a2200205Ii 4500 | ||
|---|---|---|---|
| 003 | JO-AjNU | ||
| 008 | 230606s9999||||xx |||||||||||||| ||und|| | ||
| 020 | _a0-13-551359-6 | ||
| 040 |
_aJO-AjNU _beng _erda _cJO-AjNU |
||
| 041 | _aeng | ||
| 050 | 1 | 4 | _aHF5635 .D42 1988 |
| 100 | 3 |
_aDearden,John, _eauthor _93064 |
|
| 245 | 0 | 0 | _aManagement Accounting : Text and Cases |
| 264 | 3 | 1 | _aNew Jersey: Prentice Hall ,1988 |
| 300 |
_a639P _b Includes indexes(p637-639) |
||
| 336 |
_atext _btxt _2rdacontent |
||
| 337 |
_aunmediated _bn _2rdamedia |
||
| 338 |
_avolume _bnc _2rdacarrier |
||
| 650 | 4 |
_aAccounting _93065 |
|
| 999 |
_aE1607 _c1607 _d1607 |
||